| 000 | 00688nam a2200241Ia 4500 | ||
|---|---|---|---|
| 005 | 20260430150639.0 | ||
| 008 | 008 250103s9999 xx 000 0 eng d | ||
| 037 | _aTheses | ||
| 040 | _aCRL | ||
| 040 | _beng | ||
| 040 | _ceng | ||
| 041 | _2eng | ||
| 041 | _aeng | ||
| 084 | _qCRL | ||
| 100 |
_aBansal Megha Au.; Sharma Arpita Gu.; Mishra Anurag Gu. _91238101 |
||
| 245 | 0 | _aImage and Video Watermarking using Particle Swarm Optimization in Compressed Domain | |
| 260 | _c2024 | ||
| 300 | _a158p. | ||
| 650 | _aComputr Science | ||
| 700 | _aUniversity of Delhi. Faculty of Mathematical Sciences. Deptt. of Computer Science | ||
| 942 | _cTH | ||
| 999 |
_c1850293 _d1850293 |
||